000 00300 a2200157 4500
001 169152
020 _a
040 _cMagnum
100 _aGadotti, Moacir
240 1 0 _aEscola cidada
_lpor
245 1 0 _aEscola cidada
362 0 _a1899
440 1 _aCortez
697 _aENSINO
942 _cBK
999 _c169152
_d169152